000 00776nam a22002297a 4500
003 UA-OsUOA
001 49184
007 ta
008 20070925b un ||||| |||| 00| 0 ukr d
100 _aТурган О. Д.
090 _a82.09(477)
_bТ86
942 _cBK
040 _aUA-OsUOA
_bukr
_cUA-OsUOA
_dUA-OsUOA
245 _aУкраїнська література кінця ХІХ - початку ХХ ст. і античність (Шляхи сприйняття і засвоєння)
_bмонографія
300 _a176 с.
955 _a1
041 _aukr
080 _a82.09(477)
260 _aК.
_bІЛ ім. Т. Г. Шевченка НАНУ
_c1995
650 7 _a82 Література. Літературознавство
_2UDC
999 _c335291
_d335291